| 000 | 00462nam a22001695i 4500 | ||
|---|---|---|---|
| 001 | 169535 | ||
| 003 | ES-MaACL | ||
| 005 | 20230906214124.0 | ||
| 008 | 081009s1968 sp |||| | spa d | ||
| 080 | _a398.94 | ||
| 100 | 1 |
_aRoldán, Jorge. _9138671 |
|
| 245 | 1 | 4 |
_aLos 1.500 mejores chistes / _cJorge Roldán. |
| 260 |
_aBarcelona : _bDe Vecchi, _c[1968] |
||
| 300 |
_a341 p. : _bil. ; _c21 cm. |
||
| 650 | 4 |
_aChistes. _9138672 |
|
| 852 |
_aES-MaACL _jC-48533 |
||
| 999 |
_c169535 _d169535 |
||